00736nam a22002417a 450000500170000001000110001702000100002803500110003803700160004904000120006508200130007710000290009024500650011925000110018426000420019527000150023730000200025265000440027265000190031694200220033599900190035795201180037620170124110034.0 a967801 c00.00 a967801 bCen Lib/Ret adplbEN a882bFRY aFry, Christopher9102328 aThe lady's not for burning :cby Christopher Fryba comedy / a2nd ed bOxford University Pressc1951aLondon aAmen House a97p. c18cm(Hb) aEnglish drama -- 20th century. 9102329 aDrama.9102330 2ddccENh882mFRY c128038d128038 00104070aLbLd2015-07-01eCen Lib/Retg0.00l0o882 FRYp967801r2015-07-01 00:00:00t1v0.00w2015-07-01yEN